000 00384nam a2200121 a 4500
005 20140414131856.0
008 100827s19uu xx 00 eng d
050 _aFIL
_bB31 2009
100 _aVillanueva, Rene O.
245 _aAng batang natutong sumunod sa magulang :
_bThe child who learned to obey his parents.
260 _aManila, Philippines :
_bLampara,
_c2009.
999 _c110488
_d110488